000 00736nam a22002057a 4500
999 _c19843
_d19843
003 AR-CdUCM
008 190522b ||||| |||| 00| 0 spa d
040 _aMUNICIPALIDAD PROVINCIAL DEL CUSCO
_cBIBLIOTECA MUNICIPAL DEL CUSCO
082 _a348.602 /
_bR45
100 _aRath R., Victor :
_941483
245 _aCompendio de leyes sociales /
260 _aperú :
_bLa colmena,
_c1971.
300 _a559 Páginas ;
_c22 cm.
505 _aContenido: Tarifa de reembolso -- Tratamientos quirúrgicos -- Del seguro social del empleado -- Caja de pensiones ...
650 _aleyes sociales
_927226
650 _aReglamentos sociales
_941484
700 _aJorge Diaz Barrios
_941485
942 _2ddc
_cLIBROS
945 _aAndy
_d2019-05-22